| 000 | 00408 a2200133 4500 | ||
|---|---|---|---|
| 001 | ART_37831 | ||
| 005 | 20260410162004.0 | ||
| 008 | 260409a | ||
| 245 | 1 | 0 | _aInequidades y ausencia de criterios explícitos de reparto |
| 100 | 1 | _aUña, Gerardo | |
| 700 | 1 | _aCogliandro, Gisell | |
| 700 | 1 | _aBertello, Nicolás | |
| 773 | 0 |
_tBoletín Informativo ASAP _g- Nº 44 (abr. 2010) _wREV30391 |
|
| 999 |
_c31559 _d31559 |
||